000 00280nam a22001337a 4500
082 _a894.812.3
_bMAD/H
100 _aHAMSADWANI
245 _aOLIVU PUBLICATIONS
_bKOZHIKODE
_c2005
260 _a894.812.3
_bMAD/H
300 _a82
520 _aNOVEL
650 _aNOVEL
942 _cBK
999 _c4983
_d4983